000 00669nam a2200205Ii 4500
003 JO-AjNU
008 230605s9999||||xx |||||||||||||| ||und||
017 _a1998/6/954
040 _aJO-AjNU
_bara
_erda
_cJO-AjNU
041 _aara
050 1 4 _aHF 5686 .C7.M85 1998
100 3 _aالمومني، منذر طلال,
_eauthor
_945875
245 0 0 _aمحاسبة شركات الاشخاص
264 3 1 _aد.م: د.ن، 1998
300 _a241ص
_bيحتوي على ببلوغرافية من ص239-241ص
336 _atext
_btxt
_2rdacontent
337 _aunmediated
_bn
_2rdamedia
338 _avolume
_bnc
_2rdacarrier
650 4 _a محاسبة الشركات
_945876
999 _aA19917
_c23485
_d23485